Top 10 Richest U.S. Presidents - Statistics

General Stats
  • This quiz has been taken 502 times
  • The average score is 6 of 10
Answer Stats
Net Worth President % Correct
3.7 Bil Donald Trump
94%
525 Mil George Washington
82%
1 Bil John F. Kennedy
79%
125 Mil Theodore Roosevelt
79%
80 Mil Bill Clinton
77%
98 Mil Lyndon B. Johnson
54%
75 Mil Herbert Hoover
51%
119 Mil Andrew Jackson
45%
212 Mil Thomas Jefferson
4%
101 Mil James Madison
1%
No matching quizzes found
Score Distribution
Percent of People with Each Score
Percentile by Number Answered
Your Score History
You have not taken this quiz